Effects of watching TV to the study habits of grade 6 students of SIS. (Record no. 96128)
[ view plain ]
| 000 -LEADER | |
|---|---|
| fixed length control field | 00313nam a2200109 a 4500 |
| 005 - DATE AND TIME OF LATEST TRANSACTION | |
| control field | 20140408090008.0 |
| 008 - FIXED-LENGTH DATA ELEMENTS--GENERAL INFORMATION | |
| fixed length control field | 021113s19uu xx 00 eng d |
| 050 ## - LIBRARY OF CONGRESS CALL NUMBER | |
| Classification number | PGS '98 |
| Item number | BOS #6 |
| 100 ## - MAIN ENTRY--PERSONAL NAME | |
| Personal name | Bossert, Chantal P. |
| 245 ## - TITLE STATEMENT | |
| Title | Effects of watching TV to the study habits of grade 6 students of SIS. |
| 942 ## - ADDED ENTRY ELEMENTS (KOHA) | |
| Koha item type | PASS |
| Withdrawn status | Lost status | Damaged status | Home library | Current library | Shelving location | Date acquired | Source of acquisition | Total Checkouts | Full call number | Barcode | Date last seen | Price effective from | Koha item type |
|---|---|---|---|---|---|---|---|---|---|---|---|---|---|
| Luxembourg Library | Luxembourg Library | Portfolio Assessment of SISC Students Section | 11/13/2002 | PGS '98 BOS #6 | P0037 | 04/08/2014 | 04/08/2014 | PASS |